Guglielmo marconi

保存先:
書誌詳細
第一著者: Birch, Beverley
フォーマット: 図書
言語:Undetermined
出版事項: Thành phố Hồ Chí Minh Văn Nghệ 2001
主題:
タグ: タグ追加
タグなし, このレコードへの初めてのタグを付けませんか!
Thư viện lưu trữ: Trung tâm Học liệu Trường Đại học Cần Thơ
LEADER 00511nam a2200193Ia 4500
001 CTU_93176
008 210402s9999 xx 000 0 und d
020 |c 8000 
082 |a 500 
082 |b B617 
100 |a Birch, Beverley 
245 0 |a Guglielmo marconi 
245 0 |c Beverley Birch 
260 |a Thành phố Hồ Chí Minh 
260 |b Văn Nghệ 
260 |c 2001 
650 |a Science,Knowledge 
904 |i Tuyến,Hải 
980 |a Trung tâm Học liệu Trường Đại học Cần Thơ